BIBLIOTHÈQUE DE LA MAISON DU MEXIQUE

Logo 1 Logo 2

Menosprecio de corte y alabanza de aldea (notice nᵒ 11728)

détails MARC
000 -Sello discográfico
campo de control de longitud fija 00927nam a2200325 4500
005 - Identificación de versión
campo de control 20250925141610.0
035 ## - Otros números de control del sistema
Número de control del sistema 3942
099 ## - fechas locales
Tipo de ítem Koha LIBRO
100 ## - Datos de procesamiento general
Datos de procesamiento general 20040924d1942 m y1spay5003 ba
200 1# - Título y mención de responsabilidad
Título propio Menosprecio de corte y alabanza de aldea
Designación general del material texto impreso
Primer mención de responsabilidad Fray Antonio de Guevara
Declaración de responsabilidad subsiguiente edición y notas M. Martínez de Burgos
210 ## - Publicación, distribución, etc.
Lugar de publicación, distribución, etc. Madrid
Nombre del editor, distribuidor, etc. Espasa - Calpe
Fecha de publicación, distribución, etc. 1942
215 ## - Descripción física
Designación de material específico y extensión del ítem 200 p
Dimensiones 19 cm
318 ## - Nota de acción
Acción No se presta a domicilio
345 ## - Nota de información de adquisición
Fuente de adquisición/dirección de la suscripción [OBSOLETO] Donación
410 #1 - Series
Título Clásicos Castellanos
Número de volumen 29
676 ## - Clasificación Decimal Dewey
Número R860 C614 v.29
700 ## - Nombre personal - Responsabilidad primaria
Elemento de entrada Guevara
Parte del nombre distinta del elemento de entrada Antonio de
Fechas 1480-1545
Número Koha 18395
702 ## - Nombre personal - Responsabilidad secundaria
Elemento de entrada Martínez de Burgos
Parte del nombre distinta del elemento de entrada Martín
Número Koha 18396
801 #0 - Fuente de origen
Agencia cm
900 ## -
-- 1/8056
900 ## -
-- 7100419822\240904
942 ## - ELEMENTOS DE ENTRADA SECUNDARIOS (KOHA)
Tipo de ítem Koha Livre

Pas d'exemplaire disponible.